| 000 | 00000nam 2200000za 4500 |
| 001 | 9.844262 |
| 003 | CaOODSP |
| 005 | 20221107152716 |
| 007 | cr ||||||||||| |
| 008 | 170921s1979 onc |o f|0| 0 fre d |
| 040 | |aCaOODSP|bfre |
| 043 | |an-cn--- |
| 086 | 1 |aCS15-508/1979F-PDF |
| 245 | 03|aLa structure par entrée-sorties de l'économie canadienne, 1961-1974 |h[ressource électronique]. |
| 260 | |aOttawa : |bStatistique Canada, |c1979. |
| 300 | |a416 p. |
| 500 | |aPubl. aussi en anglais sous le titre : The input-output structure of the Canadian economy, 1961-74. |
| 500 | |aÉdition numérisée de l'imprimé [par Statistique Canada]. |
| 500 | |a« Système de comptabilité nationale. » |
| 500 | |aPrincipalement les tables |
| 692 | 07|2gccst|aConditions économiques |
| 692 | 07|2gccst|aComptes publics |
| 710 | 1 |aCanada. |bStatistique Canada. |bDivision des entrées-sorties. |
| 775 | 08|tThe input-output structure of the Canadian economy, 1961-74 |w(CaOODSP)9.844259 |
| 795 | |tLa structure par entrée-sorties de l'économie canadienne, 1961-1966 |w(CaOODSP)9.834138 |
| 856 | 40|qPDF|s167.74 Mo|uhttps://publications.gc.ca/collections/collection_2017/statcan/CS15-508-1979-fra.pdf |
| 986 | |a15-508F |